| 000 | 00823cam a2200241 4500 | ||
|---|---|---|---|
| 001 | ABS62255 | ||
| 008 | 000000n2000 000 0 eng u | ||
| 035 | _a(Sirsi) u105275 | ||
| 100 | _aPerraton, J. | ||
| 245 | _aJoining up the countryside | ||
| 260 | _c2000 | ||
| 490 |
_aTown & Country Planning _v69(4) April 2000, 11--112(3) |
||
| 520 | _aReports on the need for joined up thinking with regard to two aspects of rural policy: protecting wildlife and extending opportunities for people to enjoy the countryside in environmentally-friendly ways. | ||
| 590 | _aABS | ||
| 650 | _aPLANNING ISSUES | ||
| 650 | _aAONB | ||
| 650 | _aNATIONAL PARKS | ||
| 650 |
_aSustainability _96271 |
||
| 650 | _aWILDLIFE CONSERVATION | ||
| 650 | _aSITES OF SPECIAL SCIENTIFIC INTEREST | ||
| 690 |
_aRural _96268 |
||
| 942 | _n0 | ||
| 999 |
_c63126 _d63126 |
||